书目信息 |
| 题名: |
离散时间信号处理
|
|
| 作者: | 奥本海姆, 著 | |
| 分册: | ||
| 出版信息: | 北京 清华大学出版社 2005.01 |
|
| 页数: | 870页 | |
| 开本: | 25cm | |
| 丛书名: | 国际知名大学原版教材 | |
| 单 册: | ||
| 中图分类: | TN911.7 | |
| 科图分类: | ||
| 主题词: | 离散信号--li san xin hao--时间信号--信号处理--高等学校--英文--教材 | |
| 电子资源: | ||
| ISBN: | 7-302-09899-9 | |
| 000 | 01226nam 2200289 450 | |
| 001 | 012006461922 | |
| 005 | 20061220103909.31 | |
| 010 | @a7-302-09899-9@dCNY75.00 | |
| 100 | @a20061123d2005 km y0chiy0120 ea | |
| 101 | 0 | @aeng |
| 102 | @aCN@b110000 | |
| 105 | @aa z 000yy | |
| 200 | 1 | @a离散时间信号处理@Ali san shi jian xin hao chu li@d= Discrete-time Signal Processing@fAlan V.Oppenheim等著@FAlan V.Oppenheim deng zhu@zeng |
| 205 | @a影印版 | |
| 210 | @a北京@c清华大学出版社@d2005.01 | |
| 215 | @a870页@c图@d25cm | |
| 225 | 2 | @a国际知名大学原版教材@Aguo ji zhi ming da xue yuan ban jiao cai@i信息技术学科与电气工程学科系列 |
| 305 | @a由原文第2版影印 | |
| 330 | @a本书系统论述了离散时间信号处理的基本理论和方法。内容包括:离散时间信号与系统、z变换、连续时间信号的采样、线性时不变系统的变换分析、离散时间系统结构等共11章。 | |
| 410 | 0 | @12001 @a国际知名大学原版教材 |
| 410 | 0 | @12001 @a信息技术学科与电气工程学科系列 |
| 510 | 1 | @aDiscrete-time Signal Processing@zeng |
| 606 | 0 | @a离散信号@Ali san xin hao@x时间信号@x信号处理@x高等学校@x英文@j教材 |
| 690 | @aTN911.7@v4 | |
| 701 | 1 | @a奥本海姆,@Aao ben hai mu,@bA. V.@g(Oppenheim, Alan V.)@4著 |
| 801 | 0 | @aCN@c20061220 |
| 905 | @a10447@dTN911.7@eA759 | |
| 离散时间信号处理= Discrete-time Signal Processing/Alan V.Oppenheim等著.-影印版.-北京:清华大学出版社,2005.01 |
| 870页:图;25cm.-(国际知名大学原版教材.信息技术学科与电气工程学科系列) |
| ISBN 7-302-09899-9:CNY75.00 |
| 本书系统论述了离散时间信号处理的基本理论和方法。内容包括:离散时间信号与系统、z变换、连续时间信号的采样、线性时不变系统的变换分析、离散时间系统结构等共11章。 |
| ● |
| 相关链接 |
|
|
|
正题名:离散时间信号处理
索取号:TN911.7/A759
 
预约/预借
| 序号 | 登录号 | 条形码 | 馆藏地/架位号 | 状态 | 备注 |
| 1 | 228168 | 202281681 | 自科库301/301自科库 35排1列4层/ [索取号:TN911.7/A759] | 在馆 |